Statistics for How do you say in English? ( medical Italian)

Click here to take the quiz!

General Stats

  • This quiz has been taken 164 times
    (162 since last reset)
  • The average score is 20 of 49

Answer Stats

Hint Answer % Correct
tumoretumor
88%
infezioneinfection
81%
obesitàobesity
81%
nauseanausea
80%
anoressiaanorexia
77%
ulceraulcer
77%
diarreadiarrhea
73%
febbrefever
72%
bronchitebronchitis
70%
fratturafracture
69%
tubercolosituberculosis
69%
antibioticiantibiotics
68%
penicillinapenicillin
65%
pillolapill
65%
leucemialeukemia
64%
vena varicosavaricose vein
57%
sclerosisclerosis
55%
contusionecontusion
54%
dialisidialysis
53%
paracetamoloparacetamol
50%
gastritegastritis
49%
suppostasuppository
49%
ansiaanxiety
42%
malattiaillness
41%
malattia terminaleterminal illness
40%
infartoheart attack
38%
antidolorificopainkiller
32%
feritawound
28%
calcolo renalekidney stone
26%
lividobruise
26%
sciropposyrup
24%
otiteotitis
22%
curatreatment
19%
polmonitepneumonia
17%
eritemaerythema
17%
ictusstroke
17%
morbillomeasles
14%
sfogorash
12%
gessoplaster
11%
cerottoBand-Aid
11%
ansioliticoanxiolytic
9%
stiramentosprain
9%
rosoliarubella
8%
orecchionimumps
8%
lussazionedislocation
8%
escoriazionegraze
3%
tutorebrace
3%
antipireticofever reducer
3%
slogaturatwist
3%

Score Distribution

Percentile by Number Answered

Percent of People with Each Score

Your Score History

You have not taken this quiz since the last reset